000
00307nam a2200121Ia 4500
008
190216s9999||||xx |||||||||||||| ||und||
100
_a
Michael Oatey & Carl Payne
245
0
_a
Basic Computer Science
260
_b
Galgotia Publication Pvt Ltf
_c
1992
300
_a
92p
650
_a
Computer
942
_c
BK
999
_c
8446
_d
8446